DFB-Pokal-Sieger, die nicht unter die Top 5 der Bundesliga kamen - Statistiken

Allgemein
  • Dieses Quiz wurde 218 mal gespielt
  • Das Durchschnittsergebnis liegt bei 8 aus 18
Antwortstatistiken
Saison Platz Hinweis Pokalsieger % Korrekt
2024/25 9. Der Vizemeister der Vorsaison tröstete sich mit dem Pokalsieg für die schlechte Bundesligaplatzierung. VfB Stuttgart
88%
2017/18 8. Der siegreiche Trainer wurde darauf hin vom unterlegenen Finalgegner Bayern München verpflichtet. Eintracht Frankfurt
81%
2010/11 14. Das 5:0 gegen den MSV Duisburg war eines der einseitigsten Pokalfinale. Schalke 04
73%
2008/09 10. In der selben Saison stand man auch im UEFA-Cup-Finale, das jedoch verloren wurde. Werder Bremen
62%
2006/07 6. Der Verein, der 1935 erster deutscher Pokalsieger war, gewann relativ überraschend gegen den frisch gebackenen deutschen Meister. 1. FC Nürnberg
54%
1989/90 12. Im Folgejahr wurde überraschend die Meisterschaft gewonnen. 1. FC Kaiserslautern
45%
1995/96 16. Zum bisher einzigen Mal gewann ein Verein den Pokal, der gleichzeitig aus der Bundesliga abstieg. 1. FC Kaiserslautern
45%
1993/94 8. Die vierte Saison für den Verein in Folge, die mit einem Titel abgeschlossen wurde. Werder Bremen
42%
1991/92 5.² Als einziger Zweitligist, der nicht gleichzeitig aufstieg, gewann der Verein das Pokalfinale (im Elfmeterschießen). Hannover 96
38%
1966/67 6. Verteidigte den Titel und gewann im selben Jahr den Europapokal der Pokalsieger. Bayern München
34%
1988/89 7. Der Pokalsieg läutete nach häufigen Abstiegssorgen in den 80ern eine erfolgreichere Zeit mit vielen Titeln ein. Borussia Dortmund
34%
1998/99 13. Das Halbfinale wurde noch mit Trainer Felix Magath gewonnen, der wenig später wegen des schlechten Tabellenstands entlassen wurde. Werder Bremen
33%
1984/85 7. Überraschungssieger im Finale gegen Bayern München. Bayer Uerdingen
29%
1963/64 7. Erreichte in der folgenden Saison das Finale im Europapokal der Pokalsieger. 1860 München
25%
1978/79 7. Stand im selben Jahr im Finale des Europapokals der Pokalsieger gegen Barcelona. Fortuna Düsseldorf
21%
1969/70 1.² Wurde unter Trainer Aki Schmidt als erster Zweitligist Pokalsieger. Kickers Offenbach
21%
1979/80 11. Verteidigte den Pokal; erster Titel für Otto Rehhagel als Trainer. Fortuna Düsseldorf
20%
1987/88 9. Zweiter von drei Pokalsiegen für Trainer Karl-Heinz Feldkamp. Eintracht Frankfurt
19%
Keine übereinstimmenden Quizze gefunden
Verteilung der Resultate
Anzahl Personen mit jedem Resultat
Perzentil nach korrekt beantworteten Fragen
Ihre Resultats-Entwicklung
Sie haben dieses Quiz noch nicht gespielt